Normal view
MARC view
- Adeela Kazim,Ahmad Khan,Syed Muhammad Ali,Sameer Ali
Entry Personal Name
001 - CONTROL NUMBER
- control field: 9189
003 - CONTROL NUMBER IDENTIFIER
- control field: NUST
005 - DATE AND TIME OF LATEST TRANSACTION
- control field: 20180120130329.0
008 - FIXED-LENGTH DATA ELEMENTS
- fixed length control field: 180120|| aca||aabn | a|a d
040 ## - CATALOGING SOURCE
- Original cataloging agency: NUST
- Transcribing agency: NUST
100 ## - HEADING--PERSONAL NAME
- Personal name: Adeela Kazim,Ahmad Khan,Syed Muhammad Ali,Sameer Ali
670 ## - SOURCE DATA FOUND
- Source citation: Work cat.: (NUST)328329: Adeela Kazim,Ahmad Khan,Syed Muhammad Ali,Sameer Ali, Indian Unsafguarded Nuclear Program, 2016
